| 000 | 00560nam a2200217Ia 4500 | ||
|---|---|---|---|
| 008 | 170203s9999 xx 000 0 und d | ||
| 020 | _a0-603561616 | ||
| 050 | _aFic | ||
| 050 | _b.B661f 2004 | ||
| 100 | _aBlyton, Grid. | ||
| 245 | _aFirst term at Malory Towers | ||
| 245 | _cGrid Blyton. | ||
| 260 | _aGreat Britian | ||
| 260 | _bEnid Blyton Limited | ||
| 260 | _c2004 | ||
| 300 | _a169 pages; | ||
| 650 | _aBoarding schools -- | ||
| 650 | _aMalory Towers (Imaginary place) -- | ||
| 650 | _xJuvenile fiction. | ||
| 650 | _xJuvenile fiction. | ||
| 999 |
_c306123 _d306123 |
||